| 000 | 01714nam0a2200337 i 4500 | ||
|---|---|---|---|
| 001 | RU\NLR\BIBL_A\011346966 | ||
| 005 | 20240921231158.0 | ||
| 010 |
_a9785898264727 _9800 |
||
| 021 |
_aRU _b2017-18025 _91327 |
||
| 035 | _a(NILC)LIBNET\0000752101 | ||
| 035 | _a(NLR Aleph) 011346966 | ||
| 090 |
_a11223467 _c11223467 |
||
| 100 | _a20170316d2016 k y0rusy50 ca | ||
| 101 | 0 | _arus | |
| 102 | _aRU | ||
| 105 | _aa|||z|||001zy | ||
| 200 | 1 |
_aРусское ювелирное искусство XX века в контексте европейских художественных тенденций, 1920-2000-е годы _fИ.Ю. Перфильева _gМинистерство культуры Российской Федерации, Научно-исследовательский институт теории и истории изобразительного искусств при Российской академии художеств |
|
| 210 |
_aМосква _cПрогресс-Традиция _d2016 |
||
| 215 |
_a510, [1] с., [32] л. цв. ил. _cил. _d24 |
||
| 320 | _aБиблиогр.: с. 485-496 (348 назв.) | ||
| 320 | _aУказ. имен: с. 497-510 | ||
| 606 | 1 |
_aЮвелирное искусство русское _z20 в. _92279236 _3RU\NLR\AUTH\661365642 |
|
| 686 |
_a85.125.44(2Рус)6 _vLBC/RL _2rubbk |
||
| 686 | 1 | _aЩ125.444.3(2Р=Рус)6 | |
| 700 | 1 |
_aПерфильева _bИ. Ю. _gИрина Юрьевна |
|
| 801 | 0 |
_aRU _bСтавропольская ГКУНБ _c20170306 _grcr |
|
| 801 | 1 |
_aRU _bСтавропольская ГКУНБ _c20170306 _2rusmarc |
|
| 942 | _cBOOK | ||
| 980 | _aNBR | ||